Renewable energy of the sun / (Record no. 1187)

MARC details
000 -LEADER
fixed length control field 00453nam a2200157 4500
001 - CONTROL NUMBER
control field 1590
005 - DATE AND TIME OF LATEST TRANSACTION
control field 20181127163552.0
100 00 - MAIN ENTRY--PERSONAL NAME
Personal name Singh, Madanjeet.
245 00 - TITLE STATEMENT
Title Renewable energy of the sun /
Remainder of title
Statement of responsibility, etc. Madanjeet Singh.
Medium
260 ## - PUBLICATION, DISTRIBUTION, ETC.
Place of publication, distribution, etc. Paris :
Name of publisher, distributor, etc. UNESCO Publishing,
Date of publication, distribution, etc. 1996.
300 00 - PHYSICAL DESCRIPTION
Extent 79 p. : col. ill.
500 ## - GENERAL NOTE
General note Renewable Energy for life and peace with Nature.
General note "UNESCO."
650 00 - SUBJECT ADDED ENTRY--TOPICAL TERM
Topical term or geographic name entry element Renewable energy sources.
General subdivision
Topical term or geographic name entry element Solar energy.
General subdivision
Holdings
Withdrawn status Lost status Source of classification or shelving scheme Damaged status Not for loan Collection code Home library Current library Shelving location Date acquired Serial Enumeration / chronology Inventory number Total Checkouts Full call number Barcode Date last seen Copy number Price effective from Koha item type
    Dewey Decimal Classification     Main TEST RTC Library RTC Library Main opac 16/03/2023 4426   333.792 SIN 30001780 16/03/2023 1 27/11/2018 Main
    Dewey Decimal Classification     Main TEST RTC Library RTC Library Main opac   4427   333.792 SIN 30001755 27/11/2018 2 27/11/2018 Main
    Dewey Decimal Classification     Main TEST RTC Library RTC Library Main opac   12056   333.792 SIN 30012234 27/11/2018 3 27/11/2018 Main
Royal Thimphu College || All Right Reserved